| 000 | 00570nam a22001937a 4500 | ||
|---|---|---|---|
| 005 | 20250225123918.0 | ||
| 008 | 250225b |||||||| |||| 00| 0 eng d | ||
| 020 | _a9781408017999 | ||
| 050 | _aHD62.7 STO | ||
| 100 | _aStokes David | ||
| 245 |
_aSmall Business Management and Entrepreneurship/ _cDavid Stokes & Nick Wilson |
||
| 250 | _a6th Ed. | ||
| 260 |
_aAustralia _bSouth-Western/Cengage Learning _c2010 |
||
| 300 |
_axviii. 477p. _bill. col. _c21 cm |
||
| 500 | _aIncludes Index | ||
| 650 | _2Management | ||
| 700 | _aWilson Nick | ||
| 942 |
_2lcc _cBK _e6th Ed. _n0 |
||
| 999 |
_c4314 _d4314 |
||